Economics

-д хадгалсан:
Номзүйн дэлгэрэнгүй
Үндсэн зохиолчид: Bowden, Elbert V (Зохиогч), Carlin, Thomas W (Зохиогч)
Формат: Ном
Хэл сонгох:англи
Хэвлэсэн: Nueva York Alexander Hamilton Institute 1972
Хэвлэл:1a. ed
Цуврал:Modern Business
Нөхцлүүд:
Шошгууд: Шошго нэмэх
Шошго байхгүй, Энэхүү баримтыг шошголох эхний хүн болох!

MARC

LEADER 00000cam a2200000 a 4500
001 UCD7249
003 CL-VaPUC
008 170317e19720000us |||||||||||||||||eng|d
082 0 4 |a 330  |b BOW  |2 21 
100 0 |a Bowden, Elbert V  |e author  |9 591200 
700 0 |a Carlin, Thomas W  |e author  |9 591201 
245 1 0 |a Economics 
250 |a 1a. ed 
300 |a 321 p 
942 |c BK 
945 |d 20170317 22:16:00  |a dcastane 
260 |a Nueva York  |b Alexander Hamilton Institute  |c 1972 
650 0 |a Economía   |9 255568 
650 0 |a Macroeconomía   |9 260301 
583 |a last modification  |c 20170317 22:16:00  |k Rodrigo Vera 
490 0 |a Modern Business 
999 |c 367311  |d 367309 
952 |0 0  |1 0  |3 erd  |4 0  |6 330_000000000000000_BOW_1972  |7 0  |8 A  |9 482135  |a BIBENE  |b BIBENE  |i 5381649  |o 330 BOW 1972  |p 5381649  |r 2025-01-15  |w 2019-11-24  |y BK  |z Catalogado en:20170317  |k ICO